000 01872nam a2200409Ia 4500
003 3228
005 20260424090827.0
008 210817s9999 xx 000 0 und d
020 _a9780582 264755
_qPaperback
040 _aRDA
_bENGLISH
_c3228
082 _a398.2096 NIAN
100 _a NIANE, Djibril Tamsir Harlow, 1994
_979539
_d1994.
_eAuthor.
110 _9186154
_aMaskew Miller Longman (Pty) Ltd
111 _9178758
_aBible Society of South Africa
245 0 _aSundiata:
_b an epic of old Mali
_c D.T. Niane; translated by G.D. Pickett.
260 _aHarlow:
_b Longman,
_c1994.
300 _a viii, 101 pages
_bColour illustrations, map
_c19 cm.
490 _a Longman African writers Longman African writers.
_v9780582 264755
504 _aNot included.
520 _aRetold by generations of griots - the guardians of African culture - this oral tradition has been handed down from the thirteenth century and captures all the mystery and majesty of medieval African kingship. It is an epic - part history, part legend - and a great adventure story.
521 _aAdult
600 0 _979539
_a NIANE, Djibril Tamsir Harlow, 1994
_d1994.
610 0 _9186154
_aMaskew Miller Longman (Pty) Ltd
630 0 _9171739
_aAfrican language literature series
_t Soundjata, ou l'epopée mandingue. English
648 0 _9185762
_aKabbala
650 0 _9184404
_aSouth African literature
651 0 _9191368
_aSouth Africa
654 _9191429
_aTales—Africa, Southern; Folklore; Juvenile Literature
655 0 _9138377
_aHistory
658 _9138251
_a Fairy tales
662 _9116604
_aEngland
690 _9131045
_aAdventure and adventurers
700 _9107270
_a NIANE, Djibril Tamsir
_d1994.
_eAuthor
710 _9186154
_aMaskew Miller Longman (Pty) Ltd
711 _9178758
_aBible Society of South Africa
942 _cJOURNAL
_2ddc
_y559
_zNosiswe Mogale
999 _c405482
_d405481